Score 0/20 Timer 10:00
0 Plays Today
Volume Exported (mt) Country % Correct
280,193China
98.1%
174,728India
97.7%
98,572Indonesia
77.9%
99,400Vietnam
71.7%
5,817Russia
68.1%
298,909Sri Lanka
64.6%
13,474France
58.2%
284,309Kenya
55.1%
21,646Germany
53.4%
5,876United States
50.4%
Volume Exported (mt) Country % Correct
67,819Argentina
49%
28,528United Kingdom
47%
24,330Tanzania
43.2%
12,649Netherlands
35.4%
36,856Uganda
35%
4,887Poland
33.3%
6,049Belgium
32.7%
32,672Malawi
20.2%
6,747Azerbaijan
12%
14,722United Arab Emirates
11%
Remove Ads.
Support Sporcle.
Get the best of Sporcle when you Go Orange. This ad-free experience offers more features, more stats, and more fun while also helping to support Sporcle. Thank you for becoming a member.

You're not logged in!

Compare scores with friends on all Sporcle quizzes.
OR
Log In

Show Comments

Extras

Created Nov 21, 2010SourceReportNominate
Tags:Exports, tea

Top Quizzes Today


Score Distribution

Your Account Isn't Verified!

In order to create a playlist on Sporcle, you need to verify the email address you used during registration. Go to your Sporcle Settings to finish the process.

Report this User

Report this user for behavior that violates our Community Guidelines.

Details: